Balaguer : (Record no. 111796)

MARC details
000 -LEADER
campo de control de longitud fija 00947cam a2200241Ka 4500
001 - NÚMERO DE CONTROL
campo de control 89549
005 - FECHA Y HORA DE LA ÚLTIMA TRANSACCIÓN
campo de control 20230411090047.0
008 - DATOS DE LONGITUD FIJA--INFORMACIÓN GENERAL
campo de control de longitud fija 031201s198u dr a 000 0 spa d
035 ## - NÚMERO DE CONTROL DEL SISTEMA
Número de control de sistema (OCoLC)ocm53806162
040 ## - FUENTE DE CATALOGACIÓN
Centro catalogador/agencia de origen UJX
Centro/agencia transcriptor UJX
Centro/agencia modificador OCLCQ
035 ## - NÚMERO DE CONTROL DEL SISTEMA
Número de control de sistema (OCoLC)53806162
049 ## - FONDOS LOCALES (OCLC)
Biblioteca depositaria GRAL
245 00 - MENCIÓN DEL TÍTULO
Título Balaguer :
Resto del título Hemingway plagió a Bosch, Guy de Maupassant, Bonaparte Gautreaux Piñeyro, Augusto Roa Bastos, A.R. Arambilet, Gabriel Garcia Marquez ... /
Mención de responsabilidad, etc. [Juan R. Quiñones, editor-director ; Pedro A. Richardson, coordinador general ; Abil Peralta Aguero, encargao de difusión].
260 ## - PUBLICACIÓN, DISTRIBUCIÓN, ETC.
Lugar de publicación, distribución, etc. Santo Domingo, República Dominicana :
Nombre del editor, distribuidor, etc. Editorama,
Fecha de publicación, distribución, etc. [198-?]
300 ## - DESCRIPCIÓN FÍSICA
Extensión 68 p. :
Otras características físicas ill. ;
Dimensiones 22 cm.
440 #0 - MENCIÓN DE SERIE/PUNTO DE ACCESO ADICIONAL--TÍTULO
Título Letra grande : arte y literatura ;
Designación de volumen o secuencia Año 1, no. 4
500 ## - NOTA GENERAL
Nota general "Cuentos poemas ... carpentier y su obra."
500 ## - NOTA GENERAL
Nota general Cover title.
700 1# - ENTRADA AGREGADA--NOMBRE PERSONAL
Nombre de persona Quiñones, Juan R.
942 ## - ELEMENTOS DE ENTRADA SECUNDARIOS (KOHA)
Fuente del sistema de clasificación o colocación Clasificación de Library of Congress
Tipo de ítem Koha
946 ## - PROCESAMIENTO DE INFORMACIÓN LOCAL (OCLC)
a bc
994 ## -
-- C0
-- DRFGD
Holdings
Estatus retirado Estado de pérdida Fuente del sistema de clasificación o colocación Estado de daño No para préstamo Colección Biblioteca de origen Biblioteca actual Ubicación en estantería Fecha de adquisición Código de barras Visto por última vez Copia número Tipo de ítem Koha
    Clasificación de Library of Congress     Automatización y Procesos Técnicos Biblioteca Juan Bosch Biblioteca Juan Bosch Automatización y Procesos Técnicos (1er. Piso) 11/04/2023 00000081788 17/02/2019 1